|
|
|
|
| LEADER |
00000cam a2200000 7i4500 |
| 001 |
0000008753 |
| 002 |
000009545 |
| 005 |
20000330.0 |
| 020 |
|
|
|a 9839214101
|
| 090 |
0 |
0 |
|a 082
|b BUD
|
| 100 |
1 |
|
|a Budler, Bob
|
| 245 |
0 |
0 |
|a You can do it
|c Bob Budler
|
| 260 |
|
|
|a Petaling Jaya :
|b Advantage Quest Sdn. Bhd. ,
|c 1995
|
| 300 |
|
|
|a 268p. ;
|c 23cm.
|
| 650 |
0 |
0 |
|a Successful person
|x Biography
|
| 999 |
|
|
|a 048888
|b BUKU
|c PINJAMAN
|e PERPUSTAKAAN KOMUNITI PETALING JAYA
|
| 999 |
|
|
|a 048889
|b BUKU
|c PINJAMAN
|e PERPUSTAKAAN KOMUNITI PETALING JAYA
|
| 999 |
|
|
|a 049008
|b BUKU
|c PINJAMAN
|e PERPUSTAKAAN KOMUNITI PETALING JAYA
|
| 999 |
|
|
|a 049009
|b BUKU
|c PINJAMAN
|e PERPUSTAKAAN KOMUNITI PETALING JAYA
|